[Event "Titled Tuesday intern op 01st June"]
[Site "Chess.com INT"]
[Date "2021.06.01"]
[Round "4"]
[White "Ozkan, Ervin"]
[Black "Stelmaszyk, Nico"]
[Result "0-1"]
[WhiteElo "2147"]
[BlackElo "2299"]
[PlyCount "86"]
[EventDate "2021.06.01"]
[EventType "swiss (blitz)"]
[EventRounds "11"]
[EventCountry "USA"]
[SourceTitle "CBM 202 Extra"]
[Source "ChessBase"]
[SourceDate "2021.07.31"]
[SourceVersion "1"]
[SourceVersionDate "2021.07.31"]
[SourceQuality "1"]

1. d4 d5 2. Nf3 e6 3. Bf4 c5 4. e3 Nc6 5. c3 Nf6 6. Nbd2 Bd6 7. Bxd6 Qxd6 8. Bb5 0-0 9. 0-0 a6 10. Bxc6 Qxc6 11. Ne5 Qd6 12. a4 Nd7 13. Nxd7 Bxd7 14. Qb3 c4 15. Qc2 b5 16. axb5 axb5 17. b4 Ra6 18. Ra2 Rfa8 19. Rfa1 Qb6 20. Rxa6 Rxa6 21. Rxa6 Qxa6 22. h3 Qa1+ 23. Kh2 f6 24. Nf3 Be8 25. Qd2 Bg6 26. Nh4 Be4 27. f3 Bd3 28. Qf2 g5 29. Qg3 Qxc3 30. Qb8+ Kg7 31. Qc7+ Kh6 32. Qf7 gxh4 33. Qxf6+ Bg6 34. Qf8+ Kh5 35. Qf4 Qe1 36. Qe5+ Bf5 37. Qf6 Qg3+ 38. Kg1 c3 39. Qf7+ Qg6 40. Qc7 c2 41. Kf2 Bd3 42. Ke1 Bc4 43. Kd2 Qd3+ 0-1

[Event "Titled Tuesday intern op 25th May"]
[Site "Chess.com INT"]
[Date "2021.05.25"]
[Round "9"]
[White "Ozkan, Ervin"]
[Black "Korkmaz, Necmettin"]
[Result "1-0"]
[WhiteElo "2147"]
[BlackElo "2101"]
[PlyCount "59"]
[EventDate "2021.05.25"]
[EventType "swiss (blitz)"]
[EventRounds "11"]
[EventCountry "USA"]
[SourceTitle "CBM 203 Extra"]
[Source "ChessBase"]
[SourceDate "2021.09.30"]
[SourceVersion "1"]
[SourceVersionDate "2021.09.30"]
[SourceQuality "1"]

1. d4 d5 2. Nf3 Nf6 3. Bf4 e6 4. e3 Bd6 5. Nbd2 0-0 6. Bd3 c5 7. dxc5 Bxf4 8. exf4 Qa5 9. 0-0 Qxc5 10. Qe2 Nc6 11. c3 b6 12. Ne5 Bb7 13. Rac1 Rad8 14. Nb3 Qe7 15. Nxc6 Bxc6 16. Nd4 Bb7 17. Rfe1 Ne4 18. Qh5 g6 19. Qh6 Qf6 20. Re3 Rfe8 21. Rce1 Qg7 22. Qxg7+ Kxg7 23. f3 Nd6 24. g4 Rc8 25. Kf2 Red8 26. f5 exf5 27. gxf5 Rc7 28. Re7 Rdc8 29. Ne6+ Kf6 30. Rxc7 1-0

[Event "Titled Tuesday intern op 25th May"]
[Site "Chess.com INT"]
[Date "2021.05.25"]
[Round "10"]
[White "Ozkan, Ervin"]
[Black "Samsonkin, Artiom"]
[Result "1-0"]
[WhiteElo "2147"]
[BlackElo "2428"]
[PlyCount "105"]
[EventDate "2021.05.25"]
[EventType "swiss (blitz)"]
[EventRounds "11"]
[EventCountry "USA"]
[SourceTitle "CBM 203 Extra"]
[Source "ChessBase"]
[SourceDate "2021.09.30"]
[SourceVersion "1"]
[SourceVersionDate "2021.09.30"]
[SourceQuality "1"]

1. d4 Nf6 2. Nf3 e6 3. Bf4 b6 4. e3 Bb7 5. Nbd2 g6 6. Bd3 Bg7 7. 0-0 d6 8. e4 h6 9. h3 Nbd7 10. a4 a6 11. Re1 0-0 12. Qe2 Qe7 13. c3 e5 14. Bh2 Nh5 15. Qe3 Rfe8 16. g4 Nhf6 17. d5 h5 18. g5 Nh7 19. b4 f6 20. gxf6 Qxf6 21. Kh1 Kh8 22. Rg1 Rg8 23. Bg3 Raf8 24. Bh4 Qf7 25. Rg2 Bf6 26. Rag1 Bc8 27. Qh6 Qg7 28. Rxg6 Qxh6 29. Rxh6 Rxg1+ 30. Kxg1 Kg7 31. Rxh5 Kg6 32. Rf5 Nb8 33. Bxf6 Bxf5 34. Be7 Rg8 35. Kh2 Kf7 36. Bh4 Bg6 37. Bg3 Nd7 38. Bxa6 Ndf6 39. Bd3 Nxd5 40. Bxe5 dxe5 41. Nxe5+ Kf6 42. Nxg6 Nxb4 43. cxb4 Rxg6 44. e5+ Kf7 45. Bxg6+ Kxg6 46. a5 bxa5 47. bxa5 Nf8 48. a6 Nd7 49. Nc4 Kf5 50. a7 Nb6 51. Nxb6 cxb6 52. a8Q Kxe5 53. Qc6 1-0

[Event "Titled Tuesday intern op 11th May"]
[Site "Chess.com INT"]
[Date "2021.05.11"]
[Round "6"]
[White "Csonka, Balazs"]
[Black "Ozkan, Ervin"]
[Result "1-0"]
[WhiteElo "2498"]
[BlackElo "2147"]
[PlyCount "57"]
[EventDate "2021.05.11"]
[EventType "swiss (blitz)"]
[EventRounds "11"]
[EventCountry "USA"]
[SourceTitle "CBM 202 Extra"]
[Source "ChessBase"]
[SourceDate "2021.07.31"]
[SourceVersion "1"]
[SourceVersionDate "2021.07.31"]
[SourceQuality "1"]

1. e4 c5 2. Nf3 e6 3. d4 cxd4 4. Nxd4 Nf6 5. Nc3 Nc6 6. Nxc6 bxc6 7. e5 Nd5 8. Ne4 Qa5+ 9. Bd2 Qb6 10. c4 Qxb2 11. cxd5 Qxe5 12. Bd3 cxd5 13. Bc3 Qc7 14. Rc1 dxe4 15. Bxe4 Bb7 16. Bxg7 Qa5+ 17. Bc3 Bb4 18. 0-0 Bxc3 19. Bxb7 Rb8 20. Be4 Ke7 21. Qd3 Bf6 22. Rfd1 d5 23. Bxd5 exd5 24. Qe3+ Kf8 25. Qh6+ Bg7 26. Qd6+ Kg8 27. Qxb8+ Bf8 28. Qg3+ Bg7 29. Rc8+ 1-0

[Event "Titled Tuesday intern op 11th May"]
[Site "Chess.com INT"]
[Date "2021.05.11"]
[Round "4"]
[White "Ozkan, Ervin"]
[Black "Kazakouski, Valery"]
[Result "0-1"]
[WhiteElo "2147"]
[BlackElo "2495"]
[PlyCount "104"]
[EventDate "2021.05.11"]
[EventType "swiss (blitz)"]
[EventRounds "11"]
[EventCountry "USA"]
[SourceTitle "CBM 202 Extra"]
[Source "ChessBase"]
[SourceDate "2021.07.31"]
[SourceVersion "1"]
[SourceVersionDate "2021.07.31"]
[SourceQuality "1"]

1. e4 c5 2. Nf3 a6 3. c3 d5 4. exd5 Qxd5 5. d4 Bg4 6. Be2 Nf6 7. 0-0 e6 8. Be3 cxd4 9. cxd4 Nc6 10. Nc3 Qd6 11. Qb3 Qb4 12. h3 Qxb3 13. axb3 Bh5 14. Rfd1 Nb4 15. g4 Bg6 16. Ne5 Bd6 17. Nb5 Bb8 18. Rdc1 0-0 19. Nc7 Bxc7 20. Rxc7 Rfb8 21. Nxg6 hxg6 22. Rac1 Nfd5 23. R7c5 Rd8 24. Bf3 f6 25. R5c4 Kf7 26. Bd2 Nc6 27. Be3 Rd7 28. Kf1 Rh8 29. Bg2 g5 30. Ke2 Rhd8 31. R1c2 Nce7 32. Be4 Ng6 33. Rc1 Ngf4+ 34. Kf3 Nxh3 35. b4 Nhf4 36. b5 axb5 37. Rc5 b4 38. Rb5 Ng6 39. Bxd5 exd5 40. Rxb4 Ne7 41. Rc3 Rc8 42. Rcb3 Rcc7 43. Ke2 Nc6 44. Rb5 Ke6 45. Kd3 Re7 46. f3 Rcd7 47. Bf2 Kf7 48. Be3 g6 49. Bd2 Kg7 50. Be3 Nd8 51. Ra5 Re6 52. Rbb5 Nc6 0-1

[Event "Titled Tuesday intern op 11th May"]
[Site "Chess.com INT"]
[Date "2021.05.11"]
[Round "3"]
[White "Ozkan, Ervin"]
[Black "Ptacnikova, Lenka"]
[Result "1-0"]
[WhiteElo "2147"]
[BlackElo "2107"]
[PlyCount "72"]
[EventDate "2021.05.11"]
[EventType "swiss (blitz)"]
[EventRounds "11"]
[EventCountry "USA"]
[SourceTitle "CBM 202 Extra"]
[Source "ChessBase"]
[SourceDate "2021.07.31"]
[SourceVersion "1"]
[SourceVersionDate "2021.07.31"]
[SourceQuality "1"]

1. d4 Nf6 2. Nf3 e6 3. Bf4 b6 4. e3 Bb7 5. Nbd2 c5 6. c3 cxd4 7. exd4 Be7 8. h3 0-0 9. Bd3 d6 10. Qe2 Nbd7 11. 0-0 a6 12. a4 Qc7 13. Rfe1 Rfc8 14. c4 Bf8 15. a5 b5 16. cxb5 axb5 17. Bxb5 Rxa5 18. Bg3 Rxa1 19. Rxa1 Bd5 20. Bd3 h6 21. Ra6 Qb7 22. Nf1 Rc6 23. Rxc6 Qxc6 24. b4 Nb6 25. b5 Qc1 26. Kh2 Nh5 27. Ne3 Nxg3 28. Kxg3 Bb3 29. Nd2 Ba4 30. Nf3 Qc3 31. Kh2 Qb4 32. Nc2 Qb2 33. h4 d5 34. g3 Bd6 35. Kg2 Qb4 36. Nxb4 Bxb4 1-0